[Event "AUTO-MASTER-192"]
[Site "http://www.queenalice.com/game.php?id=124372"]
[Date "2006.11.1"]
[Round "2"]
[White "blingice"]
[Black "ichtus"]
[Result "0-1"]
[WhiteElo "1793"]
[BlackElo "2061"]

1. e4 c5 2. Nf3 d6 3. d4 cxd4 4. Nxd4 Nf6 5. Nc3 a6 6. Bg5 e6 7. f4 b5 8. e5
dxe5 9. fxe5 Qc7 10. Bxf6 gxf6 11. exf6 Qe5+ 12. Be2 Bc5 13. Nf3 Qxf6 14. Qd3
Bb4 15. O-O-O Bxc3 16. Qxc3 Qxc3 17. bxc3 Bb7 18. a3 Rg8 19. Rhg1 Nd7 20. c4
bxc4 21. Bxc4 Be4 22. Bd3 Bxd3 23. Rxd3 Ke7 24. g3 Rab8 25. Rgd1 Nf6 26. Ne5 Rb7
27. Nc6+ Kf8 28. Rd8+ Kg7 0-1

[Event "AUTO-MASTER-192"]
[Site "http://www.queenalice.com/game.php?id=124375"]
[Date "2006.11.1"]
[Round "2"]
[White "tewald"]
[Black "blingice"]
[Result "0-1"]
[WhiteElo "1790"]
[BlackElo "1742"]

1. e4 c5 2. d3 Nc6 3. f4 e6 4. Be3 d5 5. e5 f6 6. d4 cxd4 7. Bxd4 fxe5 8. fxe5
Qh4+ 9. Bf2 Qe4+ 10. Qe2 Qxe5 11. Nc3 Bb4 12. Qxe5 Nxe5 13. a3 Bxc3+ 14. bxc3
Nf6 15. Bd4 Nc6 16. Bd3 e5 17. Bc5 b6 18. Bb5 Bd7 19. Bf2 O-O 20. Nf3 Rfe8 21.
O-O e4 22. Nd4 Nxd4 23. Bxd7 Ne2+ 24. Kh1 Nxd7 25. Bd4 Nxd4 26. cxd4 Rac8 27.
Ra2 Rc4 0-1

[Event "AUTO-MASTER-192"]
[Site "http://www.queenalice.com/game.php?id=124376"]
[Date "2006.11.1"]
[Round "2"]
[White "blingice"]
[Black "tewald"]
[Result "1-0"]
[WhiteElo "1760"]
[BlackElo "1803"]

1. e4 e5 2. Nf3 d6 3. d4 Nd7 4. d5 c6 5. c4 Nc5 6. Nc3 h6 7. Be2 f5 8. exf5 Bxf5
9. Be3 Qc7 10. Nh4 Bh7 11. Bh5+ g6 12. Bxg6+ Bxg6 13. Nxg6 Rh7 14. Nxf8 Kxf8 15.
Bxc5 dxc5 16. Ne4 cxd5 17. Qxd5 Rd8 18. Qxc5+ Qxc5 19. Nxc5 Rd6 20. O-O b6 21.
Nb3 Ne7 22. c5 bxc5 23. Nxc5 Rd2 24. b3 h5 25. Rfd1 Rc2 26. Ne6+ Kg8 27. Rd8+
Kf7 28. Ng5+ 1-0

[Event "AUTO-ADV-193"]
[Site "http://www.queenalice.com/game.php?id=128088"]
[Date "2006.11.11"]
[Round "2"]
[White "aarongale"]
[Black "blingice"]
[Result "0-1"]
[WhiteElo "1624"]
[BlackElo "1769"]

1. e4 c5 2. Nf3 d6 3. Nc3 Nf6 4. d4 cxd4 5. Nxd4 e6 6. Bd3 Be7 7. Be3 O-O 8. f4
Nc6 9. O-O e5 10. Nf5 Bxf5 11. exf5 exf4 12. Bxf4 Qb6+ 13. Kh1 Qxb2 14. Na4 Qd4
15. Bb5 a6 16. Bxc6 Qxd1 17. Rfxd1 bxc6 18. Bxd6 Bxd6 0-1

[Event "AUTO-ADV-193"]
[Site "http://www.queenalice.com/game.php?id=128089"]
[Date "2006.11.11"]
[Round "2"]
[White "blingice"]
[Black "aarongale"]
[Result "1-0"]
[WhiteElo "1758"]
[BlackElo "1635"]

1. e4 g6 2. d4 Bg7 3. Nf3 c5 4. c4 d6 5. d5 Qb6 6. Nc3 Bxc3+ 7. bxc3 Bg4 8. Be2
Nf6 9. O-O Nxe4 10. Bd2 Nd7 11. h3 Bxf3 12. Bxf3 Nxd2 13. Qxd2 Ne5 14. Be2 Qa6
15. Qh6 O-O-O 16. Qf4 f6 17. Qe4 f5 18. Qh4 1-0

[Event "AUTO-ADV-400"]
[Site "http://www.queenalice.com/game.php?id=166747"]
[Date "2007.2.10"]
[Round "1"]
[White "blingice"]
[Black "Be0wulf"]
[Result "1-0"]
[WhiteElo "1708"]
[BlackElo "1038"]

1. e4 c5 2. Nf3 e6 3. c3 d5 4. Bb5+ Nc6 5. exd5 Qxd5 6. O-O Nf6 7. d3 Bd6 8. Bg5
Be7 9. d4 cxd4 10. Bxc6+ Qxc6 11. Qxd4 O-O 12. Nbd2 Rd8 13. Qc4 Qb6 14. Rab1 Bd7
15. Qb3 Qa6 16. a3 Rac8 17. Qc2 Ba4 18. Qc1 Qd3 19. h3 h6 20. Be3 Bd6 21. Ne1
Qd5 22. Ndf3 b6 23. Qd2 Qe4 24. Nd3 Bb8 25. Bd4 Bb5 26. Rfd1 Nd5 27. Ng5 1-0

[Event "AUTO-ADV-400"]
[Site "http://www.queenalice.com/game.php?id=166748"]
[Date "2007.2.10"]
[Round "1"]
[White "Be0wulf"]
[Black "blingice"]
[Result "1-0"]
[WhiteElo "2025"]
[BlackElo "1707"]

1. Nf3 d5 2. e3 Nc6 3. d4 Nf6 4. c4 e6 5. Bd3 Bb4+ 6. Bd2 Bxd2+ 7. Nbxd2 O-O 8.
O-O b6 9. Rc1 Ba6 10. Qa4 Bb7 11. cxd5 Qxd5 12. e4 Qd7 13. Rfd1 Rad8 14. Bb5
Nxd4 15. Bxd7 1-0

[Event "AUTO-ADV-400"]
[Site "http://www.queenalice.com/game.php?id=166749"]
[Date "2007.2.10"]
[Round "1"]
[White "blingice"]
[Black "erig1969"]
[Result "1/2-1/2"]
[WhiteElo "1767"]
[BlackElo "1826"]

1. e4 c5 2. Nf3 g6 3. Nc3 Bg7 4. d4 cxd4 5. Nxd4 e5 6. Nf3 Nc6 7. Bc4 Nf6 8. Bg5
O-O 9. Nd5 Qa5+ 10. Qd2 Qxd2+ 11. Nxd2 Nh5 12. O-O-O b6 13. Ne7+ Nxe7 14. Bxe7
Re8 15. Bd5 Rxe7 16. Bxa8 Nf4 17. g3 Nh3 18. Rhf1 d6 19. Bd5 Ba6 20. Bc4 b5 21.
Bd5 b4 22. Bc4 Bb7 23. Bd5 Ba6 24. Bc4 Bb7 25. Bd5 Ba6 1/2-1/2

[Event "AUTO-ADV-400"]
[Site "http://www.queenalice.com/game.php?id=166750"]
[Date "2007.2.10"]
[Round "1"]
[White "erig1969"]
[Black "blingice"]
[Result "1-0"]
[WhiteElo "1811"]
[BlackElo "1759"]

1. d4 d5 2. c4 c6 3. Nf3 Bg4 4. e3 e6 5. cxd5 exd5 6. g3 Bb4+ 7. Nc3 Nf6 8. Bg2
Ne4 9. Bd2 Qa5 10. O-O Nxc3 11. bxc3 Bxc3 12. Bxc3 Qxc3 13. Qc1 Qxc1 14. Rfxc1
Nd7 15. Rab1 Rb8 16. Rb2 O-O 17. Rcb1 b6 18. Nd2 Be6 19. a4 c5 20. dxc5 bxc5 21.
Rb7 Rxb7 22. Rxb7 Ra8 23. Bxd5 Bxd5 24. Rxd7 Bc6 25. Rc7 Bxa4 26. Rxc5 Kf8 27.
Ne4 Bd1 28. Ra5 Ke7 29. Nc3 Bf3 30. Nd5+ 1-0

[Event "AUTO-ADV-400"]
[Site "http://www.queenalice.com/game.php?id=166751"]
[Date "2007.2.10"]
[Round "1"]
[White "blingice"]
[Black "kcarlin"]
[Result "1/2-1/2"]
[WhiteElo "1715"]
[BlackElo "1846"]

1. e4 c5 2. Nf3 d6 3. Bb5+ Bd7 4. Bxd7+ Nxd7 5. Nc3 Ngf6 6. O-O e5 7. d3 Be7 8.
Bg5 h6 9. Be3 O-O 10. b3 a6 11. h3 b5 12. Ne2 b4 13. c3 a5 14. a3 bxc3 15. Nxc3
Qb6 16. Rb1 Rfb8 17. Nd2 Qa6 18. Nc4 Nb6 19. Qc2 Nxc4 20. dxc4 a4 21. Nxa4 Qc6
22. f3 Nh5 23. Rb2 Ng3 24. Ra1 Bh4 25. Nc3 Rb7 26. Nb5 Qd7 27. Rd1 Be7 28. Bxc5
Ra6 29. Rd3 Rxb5 30. cxb5 Qxb5 31. Bb4 Rc6 32. Qd1 Rc1 33. Qxc1 Qxd3 34. Rd2
Ne2+ 35. Rxe2 Qxe2 36. Qc8+ Kh7 37. Qe8 Bh4 38. Kh2 Qf2 39. Qb5 Bg5 40. Qd3 Be3
41. Qd1 Bf4+ 42. Kh1 Qg3 43. Qg1 Qg6 44. Qf2 Bg3 45. Qe2 Qe6 46. Qc4 Qd7 47. a4
g5 48. Qd5 Qc7 49. Qc4 Qd7 1/2-1/2

[Event "AUTO-ADV-400"]
[Site "http://www.queenalice.com/game.php?id=166752"]
[Date "2007.2.10"]
[Round "1"]
[White "kcarlin"]
[Black "blingice"]
[Result "1-0"]
[WhiteElo "1881"]
[BlackElo "1731"]

1. c4 e5 2. g3 Nf6 3. Bg2 Bb4 4. a3 Bc5 5. e3 O-O 6. Ne2 d5 7. cxd5 Nxd5 8. O-O
Nc6 9. b4 Bb6 10. Qc2 Be6 11. h3 Qd7 12. Kh2 Nce7 13. Bb2 Ng6 14. d4 exd4 15.
Nxd4 c6 16. Nd2 Rac8 17. Nxe6 Qxe6 18. Nc4 Bd8 19. Rad1 Bf6 20. e4 Nc7 21. Bxf6
Qxf6 22. f4 Qe7 23. e5 Rcd8 24. Nd6 Rb8 25. Nf5 Qe6 26. Rd6 Qe8 27. Rfd1 Ne7 28.
Nxe7+ 1-0

[Event "AUTO-ADV-425"]
[Site "http://www.queenalice.com/game.php?id=176624"]
[Date "2007.3.3"]
[Round "1"]
[White "javierqz"]
[Black "blingice"]
[Result "1-0"]
[WhiteElo "1918"]
[BlackElo "1769"]

1. e4 c5 2. Nf3 d6 3. d4 cxd4 4. Nxd4 Nf6 5. Nc3 Nc6 6. f3 e5 7. Nb3 Be7 8. Be3
O-O 9. Bc4 Nh5 10. Qd2 a6 11. O-O-O Nf4 12. g3 1-0

[Event "AUTO-ADV-425"]
[Site "http://www.queenalice.com/game.php?id=176625"]
[Date "2007.3.3"]
[Round "1"]
[White "blingice"]
[Black "ragdoll"]
[Result "0-1"]
[WhiteElo "1721"]
[BlackElo "1773"]

1. e4 d6 2. d4 e5 3. dxe5 dxe5 4. Qxd8+ Kxd8 5. Nf3 Nc6 6. Bd3 Nf6 7. O-O h6 8.
Be3 Bd6 9. Nc3 Nb4 10. Bc4 Nxc2 0-1

[Event "AUTO-ADV-425"]
[Site "http://www.queenalice.com/game.php?id=176627"]
[Date "2007.3.3"]
[Round "1"]
[White "blingice"]
[Black "wardo"]
[Result "1-0"]
[WhiteElo "1704"]
[BlackElo "1867"]

1. e4 e6 2. d4 d5 3. exd5 exd5 4. Nf3 Nf6 5. Bb5+ c6 6. Bd3 Bd6 7. O-O O-O 8.
Nc3 h6 9. Be3 Bg4 10. h3 Be6 11. a3 Re8 12. Re1 Nbd7 13. Qd2 Bf8 14. Re2 Rc8 15.
Rae1 b6 16. Bf4 Nh5 17. Bh2 Nhf6 18. Ne5 Re7 19. Ba6 Rc7 20. Nf3 b5 21. a4 Nb8
22. Bxc7 Qxc7 23. axb5 Nxa6 24. bxa6 Qb6 25. Ra1 Qxb2 26. Rb1 Qa3 27. Qd3 Nh5
28. Nxd5 Qxd3 29. Nxe7+ 1-0

[Event "AUTO-ADV-425"]
[Site "http://www.queenalice.com/game.php?id=176628"]
[Date "2007.3.3"]
[Round "1"]
[White "wardo"]
[Black "blingice"]
[Result "1-0"]
[WhiteElo "1797"]
[BlackElo "1745"]

1. d4 d5 2. e3 Nf6 3. Bd3 e6 4. Nd2 Bb4 5. c3 Bd6 6. f4 O-O 7. Ngf3 Nc6 8. O-O
b6 9. Ne5 Bb7 10. Qf3 Qc8 11. e4 1-0

[Event "AUTO-OPEN-372"]
[Site "http://www.queenalice.com/game.php?id=181891"]
[Date "2007.3.14"]
[Round "2"]
[White "Newcobos"]
[Black "blingice"]
[Result "1-0"]
[WhiteElo "1974"]
[BlackElo "1714"]

1. d4 d5 2. c4 c6 3. Nc3 e6 4. e3 Bb4 5. Nf3 Nf6 6. cxd5 exd5 7. Bd3 O-O 8. O-O
Bg4 9. h3 Be6 10. Qb3 Bxc3 11. bxc3 Qb6 12. Qc2 Nbd7 13. Rb1 Qc7 14. Nh2 g6 15.
f4 Rab8 16. f5 gxf5 17. Bxf5 1-0

[Event "AUTO-OPEN-372"]
[Site "http://www.queenalice.com/game.php?id=181892"]
[Date "2007.3.14"]
[Round "2"]
[White "blingice"]
[Black "Newcobos"]
[Result "0-1"]
[WhiteElo "1720"]
[BlackElo "1964"]

1. e4 e5 2. Nf3 Nc6 3. Bb5 a6 4. Ba4 Nf6 5. O-O d6 6. Nc3 Bg4 7. h3 Bh5 8. d3 b5
9. Bb3 Nd4 10. g4 Nxg4 11. Nxd4 Qh4 12. hxg4 Bxg4 13. Nf3 Qh5 14. Bxf7+ Kxf7 15.
Nxe5+ dxe5 16. f3 Bc5+ 17. Rf2 Bxf3 0-1